Central Library OPAC University of Rajshahi

An alphabet of tales / (Record no. 86516)

MARC details
000 -LEADER
fixed length control field 01349nam a2200337 a 4500
001 - CONTROL NUMBER
control field 86516
003 - CONTROL NUMBER IDENTIFIER
rucl marc code BD-RjUL
005 - DATE AND TIME OF LATEST TRANSACTION
control field 20260519114913.0
008 - FIXED-LENGTH DATA ELEMENTS--GENERAL INFORMATION
fixed length control field 260519s1904 enk b 000 0 enm
035 ## - SYSTEM CONTROL NUMBER
System control number (BD-RjUL)86516
040 ## - CATALOGING SOURCE
Original cataloging agency DLC
Transcribing agency DLC
Modifying agency DLC
-- BD-RjUL
Language of cataloging eng
041 1# - LANGUAGE CODE
Language code of text/sound track or separate title enm
-- lat
082 00 - DEWEY DECIMAL CLASSIFICATION NUMBER
Edition number 23
Classification number 873.04
Author mark and year ALP 1904
130 0# - MAIN ENTRY--UNIFORM TITLE
Uniform title Alphabetum narrationum.
Language of a work English.
9 (RLIN) 18531
245 13 - TITLE STATEMENT
Title An alphabet of tales /
Statement of responsibility, etc. edited by Mary Macleod Banks.
260 ## - PUBLICATION, DISTRIBUTION, ETC. (IMPRINT)
Place of publication, distribution, etc. London :
Name of publisher, distributor, etc. Early English Text Society
Date of publication, distribution, etc. 1904
300 ## - PHYSICAL DESCRIPTION
Pagination 260 p. ;
Size 22 cm.
336 ## - CONTENT TYPE
Content type term text
Content type code txt
Source rdacontent
337 ## - MEDIA TYPE
Media type term unmediated
Media type code n
Source rdamedia
338 ## - CARRIER TYPE
Carrier type term volume
Carrier type code nc
Source rdacarrier
490 1# - SERIES STATEMENT
Series statement Early English Text Society. Original series ;
500 ## - GENERAL NOTE
General note "English 15th century translation of the Alphabetum narrationum once attributed to Etienne de Besançon"--Facsim. t.p.
General note Reprint. Originally published in 2 vols.: London : Published for the Early English Text Society by Kegan, Paul, Trench, Trüber, 1904.
504 ## - BIBLIOGRAPHY, ETC. NOTE
Bibliography, etc Includes bibliographical references.
505 01 - FORMATTED CONTENTS NOTE
Formatted contents note Part. I, A-H--
650 #0 - SUBJECT ADDED ENTRY--TOPICAL TERM
Topical term or geographic name as entry element Exempla.
9 (RLIN) 18532
Topical term or geographic name as entry element Christian literature, Latin (Medieval and modern)
General subdivision Translations into English.
9 (RLIN) 18533
700 1# - ADDED ENTRY--PERSONAL NAME
Personal name Banks, Mary Macleod,
Dates associated with a name -1914.
830 #0 - SERIES ADDED ENTRY--UNIFORM TITLE
Uniform title Early English Text Society (Series).
942 ## - ADDED ENTRY ELEMENTS (KOHA)
Source of classification or shelving scheme Dewey Decimal Classification
Koha item type Books
Holdings
Lost status Source of classification or shelving scheme Damaged status Not for loan Collection code Permanent Location Current Location Shelving location Date acquired Total Checkouts Full call number Date last seen Copy number Koha item type
  Dewey Decimal Classification   Not For Loan Non-fiction Central Library, University of Rajshahi Central Library, University of Rajshahi Reading Room 19/05/2026   873.04 ALP Pt-1,A-H 1904 19/05/2026 C-1 Books